[Event "Bilderbergtoernooi"]
[Site "Oosterbeek"]
[Date "2006.07.05"]
[Round "5.1"]
[White "van den Berg, AMJ."]
[Black "Markus, JR."]
[Result "0-1"]
[WhiteElo "2162"]
[BlackElo "2167"]
[PlyCount "102"]
[EventDate "2006.07.08"]

1. c4 c5 2. g3 Nc6 3. Nc3 g6 4. Bg2 Bg7 5. e3 e5 6. Nge2 Nge7 7. d4 cxd4 8.
exd4 exd4 9. Nb5 O-O 10. Nbxd4 Nxd4 11. Nxd4 Qa5+ 12. Kf1 Qc5 13. Nb3 Qxc4+ 14.
Kg1 Nc6 15. Bd5 Qb4 16. Be3 d6 17. Rc1 Qg4 18. f3 Qd7 19. h4 Ne7 20. Be4 d5 21.
Bd3 Nf5 22. Bxf5 Qxf5 23. Bd4 Re8 24. Bxg7 Kxg7 25. Nd4 Qe5 26. Kg2 Bd7 27. h5
gxh5 28. Rc2 Rac8 29. Rd2 Kh8 30. Re2 Qg5 31. Rxe8+ Rxe8 32. Qc1 Qxc1 33. Rxc1
Rc8 34. Rxc8+ Bxc8 35. Nb5 b6 36. Kf2 a6 37. Nd4 Kg7 38. Ke3 Kg6 39. Ne2 Be6
40. Kd4 Kf6 41. Nf4 Kg5 42. Ng2 Bh3 43. Nf4 Bf1 44. Nxd5 h4 45. f4+ Kh5 46.
gxh4 Kxh4 47. Nxb6 Kg3 48. Nd5 h5 49. Ne3 Bh3 50. f5 h4 51. b4 Bg2 0-1

[Event "Bilderbergtoernooi"]
[Site "Oosterbeek"]
[Date "2006.07.05"]
[Round "5.3"]
[White "Speijer, NB."]
[Black "Maes, V."]
[Result "1/2-1/2"]
[WhiteElo "2139"]
[BlackElo "2065"]
[PlyCount "69"]
[EventDate "2006.07.08"]

1. e4 e6 2. d4 d5 3. Nc3 Be7 4. Nf3 Nf6 5. e5 Ne4 6. Bd3 Nxc3 7. bxc3 c5 8. O-O
Nc6 9. Re1 h6 10. Be3 cxd4 11. cxd4 Bd7 12. c3 Na5 13. Qe2 Rc8 14. Bd2 Nc4 15.
a4 Qa5 16. Rec1 Nxd2 17. Qxd2 Rc7 18. Kh1 a6 19. Ng1 Bxa4 20. Ne2 b5 21. f4 g6
22. g4 Qb6 23. Rcb1 Qc6 24. f5 b4 25. cxb4 Bg5 26. Qe1 Bb5 27. Qg3 gxf5 28.
gxf5 exf5 29. e6 Bxd3 30. exf7+ Kxf7 31. Qxd3 Qc2 32. Qxc2 Rxc2 33. Ng1 Bf4 34.
Nf3 Rf2 35. Rf1 1/2-1/2

[Event "Bilderbergtoernooi"]
[Site "Oosterbeek"]
[Date "2006.07.05"]
[Round "5.4"]
[White "de Rooi, P."]
[Black "de Graaff, RAG."]
[Result "1/2-1/2"]
[WhiteElo "1968"]
[BlackElo "2159"]
[PlyCount "56"]
[EventDate "2006.07.08"]

1. e4 g6 2. d4 Bg7 3. Nc3 d6 4. Be2 Nf6 5. Be3 O-O 6. Qd2 b6 7. Bh6 c5 8. Bxg7
Kxg7 9. e5 dxe5 10. Bf3 e4 11. Nxe4 Bb7 12. Nxf6 Bxf3 13. Nxf3 exf6 14. O-O-O
Qd5 15. Kb1 c4 16. h4 h5 17. c3 Nc6 18. Ne1 b5 19. f3 Rad8 20. Nc2 Qd6 21. g4
Rh8 22. g5 f5 23. f4 Rhe8 24. Rhe1 Qd5 25. Rxe8 Rxe8 26. Re1 Re6 27. Ne3 Qe4+
28. Nc2 Qd5 1/2-1/2

[Event "Bilderbergtoernooi"]
[Site "Oosterbeek"]
[Date "2006.07.05"]
[Round "5.5"]
[White "van Caspel, RDJ."]
[Black "Van Leeuwen, E."]
[Result "1/2-1/2"]
[WhiteElo "2027"]
[BlackElo "2109"]
[PlyCount "85"]
[EventDate "2006.07.08"]

1. d4 Nf6 2. c4 g6 3. Nc3 d5 4. Bf4 Bg7 5. e3 O-O 6. Nf3 c5 7. dxc5 Qa5 8. Rc1
Be6 9. Nd4 Nc6 10. Nb3 Qd8 11. cxd5 Nxd5 12. Be2 Nxf4 13. exf4 Qc7 14. Qd2 Bxb3
15. axb3 Nd4 16. Nb5 Nxb5 17. Bxb5 Rad8 18. Qb4 Rd4 19. Rc4 Rfd8 20. O-O Qxf4
21. Qa5 b6 22. cxb6 axb6 23. Qxb6 Qd2 24. Rxd4 Rxd4 25. Bc4 Bf6 26. g3 Qxb2 27.
Qb8+ Kg7 28. Qe8 e6 29. Qc6 Rd2 30. Kg2 Bd4 31. Qf3 h5 32. h4 Bc5 33. Qf4 Bb6
34. Qf3 Qd4 35. Be2 Qf6 36. Qxf6+ Kxf6 37. Bc4 e5 38. Kh3 Rxf2 39. Rxf2+ Bxf2
40. g4 hxg4+ 41. Kxg4 Kg7 42. h5 f5+ 43. Kf3 1/2-1/2

[Event "Bilderbergtoernooi"]
[Site "Oosterbeek"]
[Date "2006.07.05"]
[Round "5.6"]
[White "Etmans, MD."]
[Black "Haitsma, AH."]
[Result "1-0"]
[WhiteElo "2101"]
[BlackElo "1932"]
[PlyCount "77"]
[EventDate "2006.07.08"]

1. e4 e5 2. Nf3 Nc6 3. Bb5 a6 4. Ba4 Nf6 5. Qe2 b5 6. Bb3 Bc5 7. a4 Rb8 8. axb5
axb5 9. c3 d6 10. d3 O-O 11. Be3 Qe7 12. Nbd2 Bb6 13. O-O Be6 14. Bc2 b4 15. d4
bxc3 16. bxc3 exd4 17. cxd4 Bg4 18. Qc4 Bd7 19. Bg5 h6 20. Be3 Ng4 21. Rfe1 Ra8
22. Rad1 Rfe8 23. Bf4 Qf6 24. Be3 Nxe3 25. fxe3 Na5 26. Qd3 g6 27. Rf1 Qg7 28.
Ra1 Be6 29. Ra3 Nb7 30. Rfa1 Rxa3 31. Rxa3 Qf8 32. Qa6 d5 33. e5 Bc8 34. Qb5
Rd8 35. Ra1 Qe8 36. Qb4 Be6 37. Nb3 Ra8 38. Qe1 Qb5 39. Rxa8+ 1-0

[Event "Bilderbergtoernooi"]
[Site "Oosterbeek"]
[Date "2006.07.05"]
[Round "5.7"]
[White "Zuidema, C."]
[Black "Toorman, J."]
[Result "1/2-1/2"]
[WhiteElo "2450"]
[BlackElo "1969"]
[PlyCount "85"]
[EventDate "2006.07.08"]

1. e4 c6 2. d4 d5 3. Nd2 g6 4. Ngf3 Bg4 5. c3 e6 6. Bd3 Bg7 7. h3 Bxf3 8. Nxf3
Nd7 9. O-O dxe4 10. Bxe4 Ngf6 11. Bc2 O-O 12. Bf4 Re8 13. Qe2 Qe7 14. Rfe1 Nb6
15. Rad1 Rad8 16. Be5 Nh5 17. a4 Bxe5 18. Nxe5 Nf6 19. a5 Nbd7 20. a6 Nxe5 21.
dxe5 Nd5 22. axb7 Qxb7 23. Be4 a5 24. c4 Nb4 25. Rd6 Rxd6 26. exd6 Qb6 27. Rd1
Rd8 28. Qd2 Rd7 29. Qg5 c5 30. Qe5 Nc6 31. Bxc6 Qxc6 32. Rd3 a4 33. h4 h5 34.
f3 Rb7 35. Qf6 Qd7 36. g4 hxg4 37. fxg4 e5 38. Qxe5 Qxg4+ 39. Rg3 Qxc4 40. Re3
Qg4+ 41. Kf1 Qc4+ 42. Re2 Qe6 43. Qxe6 1/2-1/2

[Event "Bilderbergtoernooi"]
[Site "Oosterbeek"]
[Date "2006.07.05"]
[Round "5.8"]
[White "van Putten, H."]
[Black "Wilmink, J."]
[Result "1-0"]
[WhiteElo "2252"]
[BlackElo "1963"]
[PlyCount "123"]
[EventDate "2006.07.08"]

1. e4 c5 2. Nc3 Nc6 3. g3 g6 4. Bg2 Bg7 5. d3 d6 6. Be3 e6 7. Qd2 Qa5 8. Nge2
Nd4 9. O-O Ne7 10. Nc1 Nec6 11. Nb3 Qc7 12. f4 O-O 13. Nd1 b5 14. c3 Nxb3 15.
axb3 Rb8 16. Qc2 b4 17. Rf2 Bd7 18. d4 cxd4 19. cxd4 Qb6 20. e5 d5 21. Qb1 Rbc8
22. Qa2 Rc7 23. Rd2 f6 24. Qa6 Qb8 25. Bh3 Rfc8 26. Nf2 Nd8 27. Nd3 f5 28. Nc5
Bf8 29. Nxd7 Rxd7 30. Bf1 Rc6 31. Qa4 Rdc7 32. Rf2 a6 33. Bd3 Qb6 34. h3 Qb8
35. Kh2 Re7 36. Rg1 Kh8 37. g4 Qb6 38. Rf3 Rcc7 39. Rfg3 fxg4 40. hxg4 Nc6 41.
Ra1 Nb8 42. f5 exf5 43. gxf5 gxf5 44. Rag1 Qe6 45. Bxf5 Qf7 46. Rg8+ Qxg8 47.
Rxg8+ Kxg8 48. Bg5 Nc6 49. Bxe7 Bxe7 50. Be6+ Kg7 51. Qa1 Bg5 52. Qg1 h6 53.
Bxd5 Ne7 54. Be4 Rc1 55. Qg4 Rf1 56. Qd7 Re1 57. Bd3 Kf7 58. Kg2 Re3 59. Bc4+
Kg6 60. Qe6+ Kh5 61. Kf2 Ng6 62. Qf7 1-0

[Event "Bilderbergtoernooi"]
[Site "Oosterbeek"]
[Date "2006.07.05"]
[Round "5.9"]
[White "Taal, AP."]
[Black "Vogel, J."]
[Result "0-1"]
[WhiteElo "1917"]
[BlackElo "2212"]
[PlyCount "76"]
[EventDate "2006.07.08"]

1. d4 e6 2. Nd2 c5 3. e3 Nf6 4. Ngf3 Be7 5. Bd3 b6 6. Qe2 Nc6 7. c3 Bb7 8. O-O
Qc7 9. Ba6 Bxa6 10. Qxa6 d5 11. Qe2 O-O 12. dxc5 bxc5 13. e4 Rfe8 14. Re1 Rab8
15. e5 Nd7 16. Nb3 c4 17. Nbd4 Nc5 18. Nxc6 Qxc6 19. Rd1 Rb7 20. Rd4 Ne4 21.
Rd1 Reb8 22. Nd4 Qc7 23. Qg4 Bf8 24. f4 g6 25. h3 Bc5 26. Kh2 Nf2 27. Qe2 Nxd1
28. Qxd1 Bxd4 29. Qxd4 Rxb2 30. Bxb2 Rxb2 31. Qe3 Qb6 32. Qg3 Qf2 33. Qg5 h6
34. Qg4 Kg7 35. a4 a5 36. h4 Re2 37. h5 Re4 38. hxg6 Rxf4 0-1

[Event "Bilderbergtoernooi"]
[Site "Oosterbeek"]
[Date "2006.07.05"]
[Round "5.10"]
[White "Tsoukkerman, BZ."]
[Black "Mostertman, LG."]
[Result "1/2-1/2"]
[WhiteElo "2018"]
[BlackElo "1927"]
[PlyCount "20"]
[EventDate "2006.07.08"]

1. d4 Nf6 2. c4 c5 3. dxc5 e6 4. e3 Bxc5 5. a3 a5 6. Nc3 d5 7. Nf3 O-O 8. cxd5
exd5 9. Be2 Nc6 10. O-O d4 1/2-1/2

[Event "Bilderbergtoernooi"]
[Site "Oosterbeek"]
[Date "2006.07.05"]
[Round "5.11"]
[White "Monté, PJ."]
[Black "Nagel, JG."]
[Result "1/2-1/2"]
[WhiteElo "2012"]
[BlackElo "1939"]
[PlyCount "107"]
[EventDate "2006.07.08"]

1. f4 d6 2. e4 g6 3. d4 Bg7 4. Nf3 Bg4 5. c3 Nd7 6. Bc4 Bxf3 7. Qxf3 c6 8. O-O
e6 9. f5 Qe7 10. fxe6 fxe6 11. Bg5 Bf6 12. Bxf6 Ngxf6 13. Nd2 Rf8 14. Qh3 e5
15. Be6 exd4 16. cxd4 O-O-O 17. Rac1 Kb8 18. Rf3 Nb6 19. Rcf1 Rde8 20. Bb3 Nfd7
21. Rf7 Rxf7 22. Rxf7 Qg5 23. Nf1 Nf6 24. Bc2 h5 25. Qg3 Qxg3 26. Nxg3 Nbd7 27.
h4 Kc8 28. Rg7 Rg8 29. Rxg8+ Nxg8 30. Kf2 Kd8 31. Ke3 Ke7 32. e5 dxe5 33. Bxg6
exd4+ 34. Kxd4 c5+ 35. Kc3 Ne5 36. Bxh5 Nf6 37. Be2 Nd5+ 38. Kd2 Nf4 39. Bf1
Neg6 40. h5 Nh4 41. h6 Kf7 42. Ne4 Nfxg2 43. Nd6+ Kg6 44. Bxg2 Nxg2 45. Nxb7
Kxh6 46. Nxc5 Kg7 47. Kd3 Kf7 48. Ke4 Ke7 49. b4 Kd6 50. a4 Kc6 51. Nd3 Nh4 52.
Nf4 Kd6 53. b5 Kc5 54. Ne6+ 1/2-1/2

[Event "Bilderbergtoernooi"]
[Site "Oosterbeek"]
[Date "2006.07.05"]
[Round "5.12"]
[White "Pluymert, PW."]
[Black "Arp, FL."]
[Result "1/2-1/2"]
[WhiteElo "1983"]
[BlackElo "1997"]
[PlyCount "138"]
[EventDate "2006.07.08"]

1. c4 Nf6 2. Nc3 g6 3. e4 d6 4. d4 Bg7 5. f4 O-O 6. Be2 e5 7. fxe5 dxe5 8. d5
Nbd7 9. Nh3 Nc5 10. Nf2 a5 11. Bg5 h6 12. Be3 Qe7 13. O-O Bd7 14. Kh1 b6 15.
Bf3 Ne8 16. Nd3 Nxd3 17. Qxd3 Nd6 18. b3 f5 19. Rac1 f4 20. Bf2 g5 21. Qe2 Nb7
22. h3 Rf6 23. Nb5 c5 24. dxc6 Bxc6 25. Nc3 Nc5 26. Nd5 Bxd5 27. cxd5 Qa7 28.
Rfd1 Bf8 29. Qb2 Bd6 30. Qe2 Qh7 31. Rc4 Rf7 32. Rb1 Rfa7 33. Bg4 Qe7 34. Rbc1
Kg7 35. Qf3 Rc7 36. Qe2 Rb8 37. Bf5 Rbb7 38. R4c3 Nd7 39. Rxc7 Rxc7 40. Rxc7
Bxc7 41. Qb5 Nc5 42. Qc6 Qd6 43. Qe8 Bd8 44. Bxc5 bxc5 45. Be6 Qf8 46. Qd7+ Qe7
47. Qc6 Qc7 48. Qa6 Qb6 49. Qc8 Qc7 50. Qa8 h5 51. Bf5 Qd6 52. Qc8 Kf6 53. Kh2
Kg7 54. Qb7+ Bc7 55. Qb5 Qe7 56. Qc6 Bd6 57. Be6 g4 58. Qa8 g3+ 59. Kg1 Bc7 60.
Qg8+ Kh6 61. Bf5 Qg7 62. Qe6+ Kg5 63. h4+ Kxh4 64. Bg6 Qh6 65. d6 Bd8 66. Qf5
Qh8 67. d7 Qh6 68. Bf7 Qh8 69. Kf1 Qh6 1/2-1/2

[Event "Bilderbergtoernooi"]
[Site "Oosterbeek"]
[Date "2006.07.05"]
[Round "5.13"]
[White "Sep, CJP."]
[Black "Mostertman, CA."]
[Result "1/2-1/2"]
[WhiteElo "1947"]
[BlackElo "1933"]
[PlyCount "91"]
[EventDate "2006.07.08"]

1. e4 e5 2. Nf3 Nf6 3. Nc3 Nc6 4. Bc4 Nxe4 5. Nxe4 d5 6. Bd3 dxe4 7. Bxe4 Bd6
8. d4 Nxd4 9. Nxd4 exd4 10. Qxd4 O-O 11. Be3 Qe7 12. O-O-O Be5 13. Qd3 g6 14.
Bh6 Re8 15. f4 Qh4 16. Qd2 Bxb2+ 17. Kxb2 Qxh6 18. Bf3 Be6 19. g3 Qf8 20. Qc3
Qg7 21. Rd2 Rad8 22. Rhd1 Rxd2 23. Qxg7+ Kxg7 24. Rxd2 Kf6 25. a3 Ke7 26. Kc3
c6 27. Kb4 Rd8 28. Rxd8 Kxd8 29. a4 Kc7 30. a5 b6 31. axb6+ Kxb6 32. c3 a5+ 33.
Ka4 Bc4 34. h4 Bb5+ 35. Kb3 Kc5 36. h5 a4+ 37. Kb2 a3+ 38. Kxa3 Kc4 39. hxg6
hxg6 40. Kb2 Kd3 41. Kb3 Ke3 42. Bh1 Kf2 43. c4 Kxg3 44. cxb5 cxb5 45. Bc6 Kxf4
46. Be8 1/2-1/2

[Event "Bilderbergtoernooi"]
[Site "Oosterbeek"]
[Date "2006.07.05"]
[Round "5.14"]
[White "Grotenhuis, GH."]
[Black "Scholten, KR."]
[Result "1-0"]
[WhiteElo "2005"]
[BlackElo "2010"]
[PlyCount "73"]
[EventDate "2006.07.08"]

1. b3 e5 2. Bb2 d6 3. e4 Nf6 4. Nc3 g6 5. d4 Qe7 6. dxe5 dxe5 7. a4 Qb4 8. Qf3
Bg7 9. Ba3 Qb6 10. h3 Be6 11. b4 a5 12. b5 Nbd7 13. Bd3 Nc5 14. Nge2 O-O 15.
O-O Rfe8 16. g4 Rad8 17. Ng3 Nxd3 18. cxd3 Qd4 19. g5 Nh5 20. Nxh5 gxh5 21. Nd5
Bxd5 22. exd5 Qxd5 23. Qxh5 Qxd3 24. Bc5 Qf5 25. Rac1 h6 26. Be3 hxg5 27. Rxc7
Rc8 28. b6 Rxc7 29. bxc7 Rc8 30. Rd1 Bf6 31. Bb6 Kg7 32. Qg4 Qc2 33. Qxc8 Qxd1+
34. Kh2 e4 35. Qf5 Qd6+ 36. Kg2 e3 37. c8=Q 1-0

[Event "Bilderbergtoernooi"]
[Site "Oosterbeek"]
[Date "2006.07.05"]
[Round "5.15"]
[White "Plijter, MW."]
[Black "Huizinga, SW."]
[Result "1/2-1/2"]
[WhiteElo "1938"]
[BlackElo "1922"]
[PlyCount "98"]
[EventDate "2006.07.08"]

1. e4 c5 2. Nf3 e6 3. d4 cxd4 4. c3 dxc3 5. Nxc3 Bc5 6. Bc4 Ne7 7. O-O O-O 8.
Qe2 Nbc6 9. Rd1 a6 10. Bf4 b5 11. Bb3 Ng6 12. Bg3 Qe7 13. Rac1 f5 14. exf5 Rxf5
15. Ne4 Bb6 16. Bd6 Qe8 17. Ng3 Rf7 18. Bc2 Bb7 19. Ne4 Nce7 20. Nfg5 Rf5 21.
Nf3 Nf4 22. Bxf4 Rxf4 23. Nd6 Bxf3 24. gxf3 Qf8 25. Be4 Nd5 26. Rxd5 exd5 27.
Bxd5+ Kh8 28. Bxa8 Qxd6 29. Rc8+ Rf8 30. Rxf8+ Qxf8 31. Bd5 Bc5 32. Qe5 Bd6 33.
Qh5 g6 34. Qg4 Bxh2+ 35. Kg2 Qd6 36. Be4 Be5 37. b3 Qe7 38. f4 Bf6 39. f5 g5
40. Qf3 Kg7 41. Bb7 a5 42. Qd5 b4 43. Bc8 h5 44. Bxd7 g4 45. Be6 h4 46. Qe4 Kh6
47. Qxg4 Qg7 48. Kh3 Bg5 49. Bd5 Bf6 1/2-1/2

[Event "Bilderbergtoernooi"]
[Site "Oosterbeek"]
[Date "2006.07.06"]
[Round "6.1"]
[White "Markus, JR."]
[Black "Hartoch, RG."]
[Result "0-1"]
[WhiteElo "2167"]
[BlackElo "2206"]
[PlyCount "80"]
[EventDate "2006.07.08"]

1. d4 d6 2. c4 e5 3. dxe5 dxe5 4. Qxd8+ Kxd8 5. Nf3 f6 6. Nbd2 Be6 7. e3 Nd7 8.
Be2 c6 9. O-O Nh6 10. b3 Kc7 11. Bb2 Nf7 12. Rfd1 a5 13. a3 Be7 14. Ne1 Rhd8
15. Nd3 Nc5 16. Nxc5 Bxc5 17. Bc3 Be7 18. b4 axb4 19. axb4 b6 20. b5 cxb5 21.
Bf3 Rxa1 22. Rxa1 b4 23. Ra7+ Kc8 24. Ra8+ Kd7 25. Bb2 Rxa8 26. Bxa8 Nd6 27.
Bd5 b5 28. Bxe6+ Kxe6 29. cxb5 Nxb5 30. Kf1 Nc3 31. Ke1 Kd5 32. f3 Bc5 33. e4+
Kd4 34. Nb3+ Kc4 35. Nxc5 Kxc5 36. Bc1 Kc4 37. Kd2 Na4 38. g4 g5 39. Kc2 Nc5
40. Be3 Ne6 0-1

[Event "Bilderbergtoernooi"]
[Site "Oosterbeek"]
[Date "2006.07.06"]
[Round "6.2"]
[White "Maes, V."]
[Black "Etmans, MD."]
[Result "1/2-1/2"]
[WhiteElo "2065"]
[BlackElo "2101"]
[PlyCount "30"]
[EventDate "2006.07.08"]

1. d4 e6 2. Nf3 Nf6 3. Bg5 Be7 4. Nbd2 d5 5. e3 Nbd7 6. Bd3 O-O 7. O-O b6 8. c3
Bb7 9. Qb1 h6 10. Bh4 Nh5 11. Bxe7 Qxe7 12. b4 e5 13. dxe5 Nxe5 14. Nxe5 Qxe5
15. Nf3 Qe7 1/2-1/2

[Event "Bilderbergtoernooi"]
[Site "Oosterbeek"]
[Date "2006.07.06"]
[Round "6.4"]
[White "Böhm, H."]
[Black "de Rooi, P."]
[Result "1-0"]
[WhiteElo "2263"]
[BlackElo "1968"]
[PlyCount "67"]
[EventDate "2006.07.08"]

1. d4 d6 2. g3 Nf6 3. Bg2 g6 4. c4 Bg7 5. Nc3 O-O 6. e3 e5 7. Nge2 c6 8. h3 Na6
9. b3 Nc7 10. dxe5 dxe5 11. Ba3 Qxd1+ 12. Rxd1 Re8 13. Bd6 Na6 14. O-O Bf8 15.
g4 Bxd6 16. Rxd6 Re6 17. Rd2 Re7 18. g5 Ne8 19. Rd8 Nac7 20. Ne4 Kg7 21. Rfd1
Ne6 22. R8d2 f5 23. gxf6+ Nxf6 24. Nxf6 Kxf6 25. Nc3 Nc7 26. Ne4+ Kg7 27. Kh2
Rb8 28. Nd6 Be6 29. Kg3 a5 30. Ne4 h6 31. Nc5 Bc8 32. Rd8 Ra8 33. h4 Be6 34.
Nxe6+ 1-0

[Event "Bilderbergtoernooi"]
[Site "Oosterbeek"]
[Date "2006.07.06"]
[Round "6.5"]
[White "Vogel, J."]
[Black "van Putten, H."]
[Result "1/2-1/2"]
[WhiteElo "2212"]
[BlackElo "2252"]
[PlyCount "82"]
[EventDate "2006.07.08"]

1. Nf3 g6 2. d4 Bg7 3. g3 d6 4. Bg2 Nd7 5. c4 Ngf6 6. Nc3 O-O 7. O-O e5 8. h3
Re8 9. e4 c6 10. Be3 exd4 11. Nxd4 Nc5 12. Qc2 Qe7 13. Rfe1 Nfxe4 14. Bxe4 Nxe4
15. Nxe4 Qxe4 16. Bd2 Qxe1+ 17. Rxe1 Rxe1+ 18. Bxe1 Bxd4 19. h4 h5 20. Qe4 Be5
21. c5 Bf5 22. Qe3 Rd8 23. cxd6 Bxd6 24. Bc3 Kf8 25. Qxa7 b5 26. Qb6 Be7 27.
Qxc6 b4 28. Bf6 Rd1+ 29. Kg2 Bxf6 30. Qxf6 Be6 31. Qf4 Bxa2 32. Qxb4+ Kg8 33.
Kf3 Be6 34. Ke3 Rd5 35. Qc3 Bd7 36. b4 Rf5 37. f3 Kf8 38. g4 Rb5 39. Qd4 Ke7
40. Kf4 Be8 41. Qe4+ Kf8 1/2-1/2

[Event "Bilderbergtoernooi"]
[Site "Oosterbeek"]
[Date "2006.07.06"]
[Round "6.6"]
[White "Van Leeuwen, E."]
[Black "Speijer, NB."]
[Result "0-1"]
[WhiteElo "2109"]
[BlackElo "2139"]
[PlyCount "110"]
[EventDate "2006.07.08"]

1. e4 e6 2. d4 d5 3. Nc3 Nf6 4. e5 Nfd7 5. Nce2 c5 6. c3 Nc6 7. f4 b5 8. Nf3 b4
9. Be3 a5 10. Ng3 Ba6 11. Bxa6 Rxa6 12. O-O g6 13. f5 exf5 14. Qe2 Ncb8 15. c4
Bg7 16. cxd5 O-O 17. Rad1 cxd4 18. Bxd4 Re8 19. Rfe1 Qc7 20. Rc1 Qb7 21. Qc4
Nb6 22. Qb5 Rd8 23. d6 Qd7 24. Qd3 Nd5 25. Ne2 Bh6 26. Rc5 Qe6 27. Bf2 Nf4 28.
Nxf4 Bxf4 29. Bh4 g5 30. Nxg5 Bxg5 31. Bxg5 Raxd6 32. Qg3 Rd3 33. Bxd8+ Rxg3
34. hxg3 Nd7 35. Rc8 Kg7 36. Bc7 Nc5 37. Rb8 Ne4 38. Rb6 Qc4 39. Rb7 Qc6 40. e6
Qxb7 41. e7 Qc6 42. Kh2 Qe8 43. Bd8 a4 44. g4 Kg6 45. gxf5+ Kxf5 46. g4+ Ke5
47. Kg2 Kd5 48. Kf3 Ng5+ 49. Kf4 Ne6+ 50. Kf5 Qg8 51. Rd1+ Kc6 52. Ke5 Qg5+ 53.
Ke4 Qxg4+ 54. Ke3 Ng7 55. Rd2 f5 0-1

[Event "Bilderbergtoernooi"]
[Site "Oosterbeek"]
[Date "2006.07.06"]
[Round "6.7"]
[White "Toorman, J."]
[Black "van Caspel, RDJ."]
[Result "0-1"]
[WhiteElo "1969"]
[BlackElo "2027"]
[PlyCount "92"]
[EventDate "2006.07.08"]

1. e4 c6 2. d4 d5 3. Nc3 g6 4. Nf3 Bg7 5. Be2 Bg4 6. exd5 cxd5 7. h3 Bxf3 8.
Bxf3 e6 9. O-O Nc6 10. Re1 Nf6 11. Ne2 O-O 12. c3 b5 13. Bf4 Qb6 14. Bd6 Rfd8
15. Bc5 Qc7 16. b4 Nd7 17. g3 Nb6 18. Nf4 Nc4 19. Qc2 a6 20. Bg2 Nb8 21. a4 Nd7
22. axb5 axb5 23. Qe2 Rxa1 24. Rxa1 Ndb6 25. Nd3 Na4 26. Qc2 Bh6 27. Nc1 Bd2
28. Ne2 Bh6 29. Qd3 e5 30. Kh2 e4 31. Qc2 f5 32. Qa2 f4 33. Bf1 f3 34. Ng1 Nab2
35. h4 Qf7 36. Bxc4 Nxc4 37. Qa7 Qxa7 38. Rxa7 Bd2 39. Be7 Re8 40. Bf6 Be1 41.
Rg7+ Kf8 42. Rxh7 Re6 43. Bg5 Bxf2 44. Nh3 Be3 45. Rd7 Bxg5 46. Nxg5 Ra6 0-1

[Event "Bilderbergtoernooi"]
[Site "Oosterbeek"]
[Date "2006.07.06"]
[Round "6.8"]
[White "Mostertman, LG."]
[Black "Zuidema, C."]
[Result "0-1"]
[WhiteElo "1927"]
[BlackElo "2450"]
[PlyCount "86"]
[EventDate "2006.07.08"]

1. e4 e5 2. Nf3 Nc6 3. Bb5 a6 4. Ba4 Nf6 5. Qe2 Be7 6. c3 b5 7. Bc2 O-O 8. d4
d6 9. h3 exd4 10. cxd4 Nb4 11. Bb3 c5 12. a3 Nc6 13. dxc5 dxc5 14. e5 Nd5 15.
O-O Bf5 16. Rd1 c4 17. Bc2 Bxc2 18. Qxc2 Ra7 19. Nc3 Rd7 20. Nxd5 Rxd5 21. Be3
h6 22. Kf1 Qd7 23. Rxd5 Qxd5 24. Rd1 Qe6 25. Qe4 a5 26. Ke2 f5 27. Qd5 Kf7 28.
Qxe6+ Kxe6 29. Nd4+ Nxd4+ 30. Bxd4 Rd8 31. Bb6 Rxd1 32. Kxd1 a4 33. f4 b4 34.
axb4 Bxb4 35. Kc2 Kd5 36. Bd8 Be1 37. Be7 Bg3 38. Bf8 Bxf4 39. Bxg7 h5 40. Kc3
Bxe5+ 41. Bxe5 Kxe5 42. Kxc4 Kf4 43. Kd4 Kg3 0-1

[Event "Bilderbergtoernooi"]
[Site "Oosterbeek"]
[Date "2006.07.06"]
[Round "6.9"]
[White "Haitsma, AH."]
[Black "Grotenhuis, GH."]
[Result "1-0"]
[WhiteElo "1932"]
[BlackElo "2005"]
[PlyCount "49"]
[EventDate "2006.07.08"]

1. d4 d5 2. c4 e6 3. Nc3 f5 4. Nf3 Nf6 5. Bf4 c6 6. e3 Bd6 7. Bd3 O-O 8. Ne5
Ng4 9. Nxg4 Bxf4 10. exf4 fxg4 11. g3 dxc4 12. Bxc4 Kh8 13. h3 gxh3 14. Rxh3 g6
15. Rh2 Nd7 16. Qd3 Kg7 17. O-O-O Nf6 18. Rdh1 b5 19. Bb3 Rh8 20. Bc2 Qe8 21.
Ne4 Nxe4 22. Qxe4 Bd7 23. Qe5+ Kg8 24. Rh6 Qf7 25. Rxg6+ 1-0

[Event "Bilderbergtoernooi"]
[Site "Oosterbeek"]
[Date "2006.07.06"]
[Round "6.10"]
[White "Nagel, JG."]
[Black "Tsoukkerman, BZ."]
[Result "1/2-1/2"]
[WhiteElo "1939"]
[BlackElo "2018"]
[PlyCount "100"]
[EventDate "2006.07.08"]

1. e4 e5 2. Nf3 d5 3. exd5 e4 4. Qe2 Nf6 5. Nc3 Be7 6. Nxe4 O-O 7. d3 Nxd5 8.
c4 Nf6 9. Qc2 Nc6 10. Be2 Bg4 11. Be3 Bxf3 12. gxf3 Nd4 13. Qc3 Bb4 14. Bxd4
Bxc3+ 15. Bxc3 Nh5 16. O-O-O Nf4 17. Bf1 f5 18. Rg1 g6 19. Ng3 Qd6 20. d4 Rae8
21. c5 Qd5 22. b3 Qxf3 23. Bc4+ Nd5 24. Rd3 Qxd3 25. Bxd3 Nxc3 26. Kb2 Ne4 27.
Rg2 c6 28. f3 Nxg3 29. hxg3 Kg7 30. Kc3 Re3 31. Rf2 Rfe8 32. b4 h5 33. a4 Re1
34. b5 Rd8 35. Re2 Rxe2 36. Bxe2 Re8 37. Kd3 Kf6 38. f4 Ke6 39. Bf3 Kd7 40. d5
cxd5 41. Bxd5 Kc7 42. Bf7 Re4 43. a5 Ra4 44. b6+ axb6 45. axb6+ Kb8 46. Bxg6
Ra3+ 47. Kd4 Rxg3 48. Bxh5 Kc8 49. Bf7 Rf3 50. Be6+ Kb8 1/2-1/2

[Event "Bilderbergtoernooi"]
[Site "Oosterbeek"]
[Date "2006.07.06"]
[Round "6.11"]
[White "Mostertman, CA."]
[Black "Monté, PJ."]
[Result "0-1"]
[WhiteElo "1933"]
[BlackElo "2012"]
[PlyCount "76"]
[EventDate "2006.07.08"]

1. e4 e6 2. d4 d5 3. Nd2 c5 4. exd5 exd5 5. dxc5 Bxc5 6. Nb3 Bb6 7. Nf3 Nf6 8.
Nfd4 O-O 9. Be2 a5 10. a4 Nc6 11. O-O Re8 12. Bf3 Ne4 13. Nxc6 bxc6 14. Be3
Bxe3 15. fxe3 Qg5 16. Qd4 Ba6 17. Rfe1 Qg6 18. Nc5 Ng5 19. Bd1 Bc8 20. Nd3 Bf5
21. Nf4 Qd6 22. Rf1 Re4 23. Qd2 Bg6 24. Bf3 Rc4 25. c3 Rb8 26. Nxg6 hxg6 27.
Qc2 Qe5 28. Kh1 Qxe3 29. Rae1 Qb6 30. Re2 Rf4 31. Qd2 Qc7 32. Qe3 Ne6 33. Ra1
Rh4 34. g3 Qxg3 35. Rg2 Qf4 36. Qa7 Rxb2 37. Rxb2 Qxf3+ 38. Rg2 Nf4 0-1

[Event "Bilderbergtoernooi"]
[Site "Oosterbeek"]
[Date "2006.07.06"]
[Round "6.12"]
[White "Arp, FL."]
[Black "Sep, CJP."]
[Result "0-1"]
[WhiteElo "1997"]
[BlackElo "1947"]
[PlyCount "120"]
[EventDate "2006.07.08"]

1. e4 c5 2. Nf3 e6 3. d4 cxd4 4. Nxd4 Nf6 5. Nc3 Nc6 6. Be3 d5 7. Bb5 Bd7 8.
O-O Nxe4 9. Nxe4 dxe4 10. Nxc6 Bxc6 11. Bxc6+ bxc6 12. Qe2 Qc7 13. Bd4 Bd6 14.
Qxe4 O-O 15. h4 Rae8 16. Rad1 f5 17. Qe2 f4 18. Rd3 e5 19. Bxa7 e4 20. Rxd6
Qxd6 21. Qc4+ Qd5 22. Qxd5+ cxd5 23. Bd4 Rf5 24. a4 g5 25. hxg5 Rxg5 26. f3 e3
27. g4 fxg3 28. Kg2 e2 29. Re1 Re6 30. a5 Rh6 31. Bg1 Re6 32. c3 d4 33. Bxd4
Rxa5 34. Kxg3 Ra2 35. c4 Ra4 36. b3 Rb4 37. Kf2 Rxb3 38. Rxe2 Rxe2+ 39. Kxe2
Kf7 40. c5 Ke6 41. Bf2 Kd5 42. Be3 h5 43. Bf2 Rc3 44. Kf1 Rxf3 45. Kg2 Rc3 46.
Bg1 Ke4 47. Kh2 Kf4 48. Bd4 Rc4 49. Bg1 Kg4 50. Kh1 Rc2 51. Bd4 Kg3 52. Be3 h4
53. c6 Rxc6 54. Bg1 Rc2 55. Bb6 h3 56. Bd4 h2 57. Be3 Re2 58. Bf4+ Kh3 59. Bg3
Rb2 60. Be1 Rb3 0-1

[Event "Bilderbergtoernooi"]
[Site "Oosterbeek"]
[Date "2006.07.06"]
[Round "6.13"]
[White "Wilmink, J."]
[Black "Pluymert, PW."]
[Result "1/2-1/2"]
[WhiteElo "1963"]
[BlackElo "1983"]
[PlyCount "85"]
[EventDate "2006.07.08"]

1. d4 d6 2. c4 Nf6 3. Nc3 e5 4. d5 Bf5 5. Nf3 h6 6. g3 Nbd7 7. Bg2 a5 8. O-O g5
9. Bd2 Nc5 10. b3 Qd7 11. a3 a4 12. b4 Nb3 13. Ra2 Bg7 14. Bc1 e4 15. Nd2 e3
16. fxe3 Nxc1 17. Qxc1 Ng4 18. Nf3 Qe7 19. Nd1 Bg6 20. h3 Nf6 21. Nd4 Ne4 22.
Nf5 Bxf5 23. Rxf5 Nxg3 24. Rf3 Be5 25. Nf2 h5 26. e4 g4 27. hxg4 hxg4 28. Nxg4
Nxe4 29. Nxe5 Qxe5 30. Qe3 f5 31. Qf4 Qd4+ 32. e3 Qxc4 33. Qxf5 Qc1+ 34. Bf1
Rg8+ 35. Rg2 Rxg2+ 36. Kxg2 Qb2+ 37. Kh1 Qh8+ 38. Bh3 Qa1+ 39. Kh2 Qe5+ 40.
Qxe5+ dxe5 41. Rf5 Nd2 42. Rxe5+ Kf7 43. Kg3 1/2-1/2